[Event "AUTO-ADV-4738"]
[Site "http://www.queenalice.com/game.php?id=1822962"]
[Date "2023.10.13"]
[Round "1"]
[White "Canaye14"]
[Black "MHRangel"]
[Result "0-1"]
[WhiteElo "1747"]
[BlackElo "1867"]

1. d4 c5 2. d5 e6 3. dxe6 fxe6 4. c4 Nc6 5. Nc3 Be7 6. Nf3 Nf6 7. h3 O-O 8. Bf4
d6 9. e3 d5 10. cxd5 Nxd5 11. Nxd5 exd5 12. Be2 Bf6 13. Qd2 Be6 14. O-O Qb6 15.
Rab1 d4 16. e4 Rad8 17. e5 Be7 18. Bh2 c4 19. Rfc1 d3 20. Bd1 Nd4 21. Bf4 Bb4
22. Qe3 h6 23. Nxd4 d2 24. Rc2 Rxd4 25. Bxh6 Bf5 26. Bg5 Bxc2 27. Bxc2 Bc5 28.
Qg3 Rd5 29. Rd1 Bxf2+ 30. Qxf2 Qxf2+ 31. Kh2 Rxe5 32. Bxd2 Re2 0-1

[Event "AUTO-ADV-4738"]
[Site "http://www.queenalice.com/game.php?id=1822963"]
[Date "2023.10.13"]
[Round "1"]
[White "MHRangel"]
[Black "rockaudrey"]
[Result "0-1"]
[WhiteElo "1819"]
[BlackElo "1978"]

1. d4 Nf6 2. c4 g6 3. Nc3 d5 4. Nf3 Bg7 5. e3 O-O 6. Be2 c5 7. dxc5 dxc4 8. Qxd8
Rxd8 9. O-O Bg4 10. Nb5 Nbd7 11. h3 Bxf3 12. Bxf3 a6 13. Bxb7 axb5 14. c6 Rab8
15. Bd2 Nc5 16. Ba5 Re8 17. c7 Rxb7 18. Rad1 Na6 19. b3 Nxc7 20. bxc4 bxc4 21.
Rc1 Ra7 22. Rxc4 Rxa5 23. Rxc7 Rxa2 24. f3 Nh5 25. Rc5 Ng3 26. Rf2 Rxf2 27. Kxf2
Nf5 28. g4 Nd6 29. Kg3 Rb8 30. e4 Rb3 31. h4 Nxe4+ 0-1

[Event "AUTO-ADV-4738"]
[Site "http://www.queenalice.com/game.php?id=1822964"]
[Date "2023.10.13"]
[Round "1"]
[White "rockaudrey"]
[Black "MHRangel"]
[Result "1-0"]
[WhiteElo "2123"]
[BlackElo "1809"]

1. e4 c5 2. Nf3 Nc6 3. b4 Nxb4 4. d4 b6 5. c3 Na6 6. Bd3 g6 7. O-O Bg7 8. Qe2 d6
9. Bxa6 Nf6 10. Na3 O-O 11. h3 cxd4 12. cxd4 Nh5 13. Bxc8 Qxc8 14. Be3 Nf6 15.
Rfc1 Qb7 16. Nd2 Nxe4 17. Nxe4 Qxe4 18. Nc2 e5 19. Re1 f6 20. Qd2 Rac8 21. Rac1
Qd5 22. Nb4 Qb5 23. d5 Qd7 24. Nc6 f5 25. Bh6 f4 26. Bxg7 Qxg7 27. f3 Qd7 28. a4
Ra8 29. Qf2 Qf7 30. Qh4 Rfe8 31. Red1 e4 32. Re1 exf3 33. gxf3 Qf5 34. Ne7+ Rxe7
35. Qxe7 Qxd5 36. Qe6+ Qxe6 37. Rxe6 d5 38. Rd6 Kg7 39. Rc7+ Kh6 40. Rdd7 a6 41.
Rxh7+ Kg5 42. h4+ Kf5 43. Rce7 g5 44. Rhf7+ Kg6 45. Rg7+ Kf6 46. hxg5+ Kf5 47.
Ref7+ Ke6 48. Rxf4 b5 49. Rgf7 Ke5 50. R7f5+ Kd6 51. Rd4 b4 52. Rxb4 Kc5 53. Rb7
a5 54. Rb5+ Kc4 55. Rfxd5 Ra6 56. Rdc5+ Kd4 57. Rxa5 Rg6 58. Rab5 Ke3 59. Rf5
1-0

[Event "Challenge"]
[Site "http://www.queenalice.com/game.php?id=1824279"]
[Date "2023.10.31"]
[Round "-"]
[White "jogo"]
[Black "MHRangel"]
[Result "1-0"]
[WhiteElo "1941"]
[BlackElo "1831"]

1. e4 c5 2. a3 d6 3. Bb5+ Bd7 4. Bxd7+ Qxd7 5. f4 Nc6 6. c3 Nh6 7. Nf3 g6 8. d4
cxd4 9. cxd4 Bg7 10. h3 f6 11. Be3 Qc7 12. Nc3 e6 13. d5 exd5 14. Nxd5 Qd7 15.
Qd2 f5 16. e5 dxe5 17. fxe5 Nxe5 18. Nxe5 Bxe5 19. O-O-O Rc8+ 20. Kb1 O-O 21.
Nf6+ Rxf6 22. Qxd7 Rc7 23. Qd5+ Nf7 24. Bxa7 Rd6 25. Qb3 Rdc6 26. Bb8 Rc8 27.
Bxe5 Rc4 28. Bc3 R8c7 29. Rhe1 Ng5 30. Re8+ Kf7 31. Qb5 Ne6 32. Rd7+ 1-0

[Event "Challenge"]
[Site "http://www.queenalice.com/game.php?id=1824280"]
[Date "2023.10.31"]
[Round "-"]
[White "MHRangel"]
[Black "jogo"]
[Result "1-0"]
[WhiteElo "1878"]
[BlackElo "1806"]

1. d4 Nf6 2. c4 g6 3. Nc3 d5 4. e3 Bg7 5. Nf3 O-O 6. Be2 Re8 7. O-O c5 8. cxd5
Nxd5 9. Qb3 Nxc3 10. bxc3 cxd4 11. cxd4 e5 12. Bb2 exd4 13. Bxd4 Bxd4 14. Nxd4
Nc6 15. Nxc6 bxc6 16. Rfc1 Be6 17. Qc3 Rc8 18. Qc5 a5 19. a4 Qd5 20. Qb6 Qd2 21.
Bf3 Qd8 22. Qxd8 Rexd8 23. Rxc6 Rxc6 24. Bxc6 Rc8 25. Bb5 Kf8 26. h3 Ke7 27. g4
h5 28. gxh5 gxh5 29. Kh2 Rc2 30. Kg3 h4+ 31. Kf3 Bd5+ 32. Kg4 Rxf2 33. Kxh4 Rf3
34. Re1 Be6 35. Bf1 Rf2 36. Kg3 Ra2 37. Bb5 1-0

[Event "Challenge"]
[Site "http://www.queenalice.com/game.php?id=1825490"]
[Date "2023.11.19"]
[Round "-"]
[White "jogo"]
[Black "MHRangel"]
[Result "1-0"]
[WhiteElo "1804"]
[BlackElo "1849"]

1. e4 g6 2. d4 Bg7 3. Nc3 Nf6 4. f4 O-O 5. Nf3 d6 6. Bd3 Bg4 7. h3 Bxf3 8. Qxf3
Nh5 9. Be3 Nc6 10. g4 Nf6 11. e5 dxe5 12. dxe5 Ne8 13. O-O-O Qc8 14. h4 f5 15.
gxf5 gxf5 16. Rhg1 Qe6 17. Rg2 Kh8 18. Rdg1 a6 19. Qh5 Rg8 20. Bxf5 Nf6 21. Bxe6
Nxh5 22. Bxg8 Rxg8 23. Rg5 Nxf4 24. Bxf4 Nd4 25. R5g3 b5 26. Bh6 Nf5 27. Bxg7+
Rxg7 28. Rxg7 Nxg7 29. Nd5 c5 30. Nxe7 Ne6 31. Rg8# 1-0

[Event "Challenge"]
[Site "http://www.queenalice.com/game.php?id=1825491"]
[Date "2023.11.19"]
[Round "-"]
[White "MHRangel"]
[Black "jogo"]
[Result "0-1"]
[WhiteElo "1881"]
[BlackElo "1777"]

1. d4 Nf6 2. c4 g6 3. Nc3 d5 4. Bg5 Ne4 5. Nxe4 dxe4 6. d5 Bg7 7. Qa4+ Bd7 8.
Qb3 b6 9. c5 O-O 10. e3 a5 11. cxb6 cxb6 12. Bc4 a4 13. Qa3 f6 14. d6+ e6 15.
Bh4 b5 16. Be2 Qa5+ 17. b4 axb3+ 18. Qxa5 Rxa5 19. a4 g5 20. Bg3 bxa4 21. Bc4 b2
22. Rb1 f5 23. Ne2 a3 24. Ba2 Nc6 25. O-O Nb4 26. Bb3 a2 27. Bxa2 Rxa2 28. Nd4
Nd5 29. Nb3 Bb5 30. Rfd1 Nc3 0-1

[Event "Challenge"]
[Site "http://www.queenalice.com/game.php?id=1827158"]
[Date "2023.12.13"]
[Round "-"]
[White "jogo"]
[Black "MHRangel"]
[Result "0-1"]
[WhiteElo "1872"]
[BlackElo "1842"]

1. e4 c5 2. a3 Nc6 3. c3 e5 4. Bc4 Nf6 5. Qe2 a6 6. g4 d6 7. g5 Nd7 8. d3 g6 9.
Qf3 Qe7 10. Be3 Na5 11. Ba2 b5 12. Nd2 Bg7 13. O-O-O b4 14. cxb4 cxb4 15. axb4
Nc6 16. Bd5 Bb7 17. h4 O-O-O 18. Qxf7 Qxf7 19. Bxf7 Rhf8 20. Be6 Nxb4 21. Bc4
Kb8 22. Nb3 d5 23. exd5 Nxd5 24. Rh3 Nxe3 25. fxe3 Nb6 26. Be6 Bd5 27. Bxd5 Nxd5
28. Kb1 Nb4 29. d4 exd4 30. exd4 Rf4 31. Ne2 Re4 32. Nc3 Rf4 33. Ne2 Rf2 34. Re3
Rc8 35. d5 Rc2 36. Nbd4 Bxd4 37. Nxd4 Rxb2+ 38. Ka1 Nxd5 39. Rb3+ Rxb3 40. Nxb3
Rf5 41. Kb2 Kc7 42. Nc5 a5 43. Nb3 Nb4 44. Ka3 Rf4 45. Rh1 Kb6 46. Ka4 Nc2+ 47.
Nd4 Rxd4+ 48. Kb3 Ne3 49. Kc3 Nf5 50. Rb1+ Kc7 51. Rh1 Rxh4 52. Ra1 a4 53. Rc1
Kb6 54. Rb1+ Kc6 55. Rb8 Nd6 56. Ra8 Nf7 57. Rc8+ Kb7 58. Rc5 Rg4 59. Kb2 Nd6
60. Ka3 Kb6 61. Rc1 Nb5+ 62. Ka2 Rxg5 0-1

[Event "Challenge"]
[Site "http://www.queenalice.com/game.php?id=1827159"]
[Date "2023.12.13"]
[Round "-"]
[White "MHRangel"]
[Black "jogo"]
[Result "0-1"]
[WhiteElo "1845"]
[BlackElo "2121"]

1. d4 Nf6 2. c4 g6 3. g3 Bg7 4. Bg2 O-O 5. Nc3 c6 6. e4 d6 7. Nf3 Bg4 8. O-O
Nbd7 9. Qd3 h6 10. Re1 Nb6 11. Bf4 Nh5 12. Qd2 Nxc4 13. Qc1 Nxf4 14. gxf4 Bxf3
15. Bxf3 Bxd4 16. Ne2 Bxb2 17. Qxc4 Bxa1 18. Rxa1 Rc8 19. Rb1 Qd7 20. Nd4 b5 21.
Qb3 a6 22. f5 c5 23. Ne2 gxf5 24. exf5 Qxf5 25. Ng3 c4 26. Nxf5 cxb3 27. Rxb3
Rc1+ 28. Kg2 Rc7 29. Nxh6+ Kg7 30. Nf5+ Kf6 31. Bg4 Rg8 32. h3 Rc4 33. Ne3 Rc5
34. Kf3 d5 35. Nc2 e5 36. Nb4 a5 37. Nd3 e4+ 38. Ke3 exd3 39. Kxd3 a4 40. Rb4
Ke5 41. Bd7 Rd8 42. Bxb5 Rb8 43. a3 Rcxb5 44. Rxa4 Rb3+ 45. Ke2 Rb2+ 46. Kf1 Ra2
47. h4 Rb1+ 48. Kg2 Rbb2 49. h5 Rxf2+ 50. Kg3 Rg2+ 51. Kf3 Raf2+ 52. Ke3 d4+ 53.
Kd3 Rg3+ 54. Kc4 Rf4 55. Kc5 d3 0-1

[Event "Challenge"]
[Site "http://www.queenalice.com/game.php?id=1828121"]
[Date "2023.12.29"]
[Round "-"]
[White "MHRangel"]
[Black "jogo"]
[Result "0-1"]
[WhiteElo "1832"]
[BlackElo "2038"]

1. d4 Nf6 2. c4 g6 3. Nc3 d5 4. c5 Bg7 5. e3 O-O 6. Be2 h6 7. Nf3 Bg4 8. O-O Re8
9. Ne5 Bxe2 10. Nxe2 Nbd7 11. c6 Nxe5 12. cxb7 Rb8 13. Qb3 Ned7 14. a4 a5 15.
Bd2 c6 16. Rac1 Qc7 17. Ng3 Rxb7 18. Qc3 Ra8 19. Qa3 Nb6 20. b3 Bf8 21. Qa2 Re8
22. Bxa5 e5 23. Qd2 Qd7 24. Qc3 Rc8 25. h3 exd4 26. exd4 Bd6 27. Bb4 Bxb4 28.
Qxb4 Na8 29. Qc3 Ne4 30. Nxe4 dxe4 31. Qe3 Kh7 32. Rb1 f5 33. b4 Nb6 34. a5 Nd5
35. Qe2 Rxb4 36. Ra1 Rxd4 37. a6 c5 38. Rfb1 Nc3 39. Rb7 Nxe2+ 40. Kh2 Rc7 41.
a7 Rxb7 42. a8=Q Qd6+ 43. Kh1 Rd1+ 44. Rxd1 Qxd1+ 45. Kh2 Qg1# 0-1

[Event "Challenge"]
[Site "http://www.queenalice.com/game.php?id=1828737"]
[Date "2024.1.8"]
[Round "-"]
[White "jogo"]
[Black "MHRangel"]
[Result "1-0"]
[WhiteElo "2030"]
[BlackElo "1840"]

1. e4 d6 2. d4 g6 3. Nc3 Bg7 4. f4 Bxd4 5. Qxd4 Nf6 6. Nd5 O-O 7. Nxf6+ exf6 8.
b3 c5 9. Qd5 Nc6 10. Bb2 Be6 11. Qd1 Kg7 12. h3 Qa5+ 13. Kf2 Kg8 14. Bxf6 Qb4
15. Bd3 c4 16. bxc4 Bxc4 17. Bxc4 Qxc4 18. Qd3 Qxd3 19. cxd3 Nb4 20. Ke2 Rac8
21. Nf3 Rc2+ 22. Nd2 a6 23. Be7 Rfc8 24. a3 Nc6 25. Bxd6 Nd4+ 26. Ke3 Ne6 27. g4
f6 28. Nc4 b5 29. Nd2 Kf7 30. Nb3 R2c6 31. Bb4 Rd8 32. Rac1 Rxc1 33. Rxc1 Ra8
34. Nd4 g5 35. Nxe6 Kxe6 36. Rc6+ Kf7 37. Bc3 a5 38. Rxf6+ Ke7 39. Rh6 b4 40.
Rxh7+ 1-0

[Event "Challenge"]
[Site "http://www.queenalice.com/game.php?id=1828738"]
[Date "2024.1.8"]
[Round "-"]
[White "MHRangel"]
[Black "jogo"]
[Result "0-1"]
[WhiteElo "1857"]
[BlackElo "1871"]

1. d4 Nf6 2. c4 g6 3. Nc3 d5 4. e3 Bg7 5. b4 Bg4 6. Be2 Bxe2 7. Ngxe2 O-O 8. c5
c6 9. O-O Re8 10. Ng3 Nbd7 11. a4 e5 12. Nge2 exd4 13. Nxd4 Ne4 14. Bb2 Nxc3 15.
Bxc3 Nf6 16. b5 Ne4 17. Qb3 Nxc5 18. Qb2 Ne4 19. bxc6 Nxc3 20. Qxc3 bxc6 21.
Qxc6 Rc8 22. Qa6 Qb6 23. Qxb6 axb6 24. Rab1 Rb8 25. Nc6 Rb7 26. a5 Rc8 27. a6
Rbc7 28. Nb4 Rd7 29. Rfd1 Rc5 30. Nd3 Rc6 31. Nb4 Rc5 32. Ra1 Bxa1 33. Rxa1 Ra7
34. g3 Kf8 35. Rd1 Rd7 36. Ra1 Ra5 37. Rb1 Ke8 38. Rc1 Ra4 39. Rc8+ Rd8 40.
Rxd8+ Kxd8 41. Nxd5 Rxa6 42. Nb4 Ra4 43. Nd5 b5 44. Kf1 Ra1+ 45. Ke2 Ra2+ 46.
Kf3 Rd2 47. Nb4 Rb2 48. Nd3 Rb3 49. Nc5 Rc3 50. Na6 Rc6 51. Nb4 Rc4 52. Nd5 b4
53. Nxb4 Rxb4 54. h4 h5 55. e4 Ke7 56. Kf4 f5 57. f3 Kf6 58. Ke3 fxe4 59. fxe4
Ke5 60. Kf2 Kxe4 61. Kg2 Rb2+ 62. Kh3 Kf3 0-1

[Event "Challenge"]
[Site "http://www.queenalice.com/game.php?id=1829107"]
[Date "2024.1.12"]
[Round "-"]
[White "jogo"]
[Black "MHRangel"]
[Result "0-1"]
[WhiteElo "1797"]
[BlackElo "1840"]

1. e4 c5 2. a3 a6 3. c3 Nc6 4. d4 cxd4 5. cxd4 Qa5+ 6. Bd2 Qb6 7. d5 Ne5 8. f4
Ng6 9. Qc1 d6 10. Be3 Qa5+ 11. b4 Qd8 12. Bb5+ axb5 13. Nf3 Bg4 14. Nbd2 e6 15.
Nd4 e5 16. Nxb5 Rc8 17. Qb2 Nxf4 18. O-O Be2 19. Nc3 Bxf1 20. Rxf1 Qg5 21. Nf3
Ne2+ 22. Kf2 Qg4 23. Kxe2 Nf6 24. Kd3 Be7 25. h3 Qd7 26. Rc1 O-O 27. g4 Nxg4 28.
hxg4 Qxg4 29. Qf2 f5 30. exf5 Qxf5+ 31. Ke2 e4 32. Nxe4 Rxc1 33. Bxc1 Qxe4+ 34.
Qe3 Qc2+ 35. Bd2 h6 36. Qe6+ Rf7 37. Ne1 Qc4+ 38. Kd1 Qb3+ 39. Nc2 Qf3+ 40. Kc1
Qf1+ 41. Kb2 h5 42. Ne3 Bf6+ 43. Bc3 Bxc3+ 44. Kxc3 Qa1+ 45. Kb3 Qe5 46. Qxe5
dxe5 47. Nc4 h4 48. Nxe5 h3 49. Ng4 Rf4 50. Nh2 Kf7 51. Kc3 Ke7 52. Kd3 Kd6 53.
Ke3 g5 0-1

[Event "Challenge"]
[Site "http://www.queenalice.com/game.php?id=1829108"]
[Date "2024.1.12"]
[Round "-"]
[White "MHRangel"]
[Black "jogo"]
[Result "1-0"]
[WhiteElo "1856"]
[BlackElo "1783"]

1. d4 Nf6 2. c4 g6 3. Nc3 d5 4. e3 Bg7 5. Nf3 O-O 6. Be2 Re8 7. O-O Bf5 8. Bd3
Bxd3 9. Qxd3 c6 10. cxd5 Nxd5 11. Bd2 Nb4 12. Qc4 Nd5 13. Nxd5 Qxd5 14. Qb4 a5
15. Qxb7 Nd7 16. Qc7 Rec8 17. Qf4 h6 18. e4 Qd6 19. e5 Qd5 20. Bc3 Nf8 21. Nd2
Ne6 22. Qh4 g5 23. Qg4 f5 24. exf6 exf6 25. Rfe1 f5 26. Qf3 Qxf3 27. Nxf3 Nc7
28. a4 Nd5 29. g3 Nxc3 30. bxc3 c5 31. Ne5 cxd4 32. cxd4 Rd8 33. Red1 Bxe5 34.
dxe5 Rxd1+ 35. Rxd1 Re8 36. Rd5 Ra8 37. Rd6 Kg7 38. e6 Kf6 39. e7+ Kxe7 40. Rxh6
Kf7 41. h4 gxh4 42. gxh4 Rg8+ 43. Kf1 Rg6 44. Rh7+ Ke6 45. f3 Ke5 46. Ra7 Rg3
47. Rxa5+ Kf4 48. Rb5 Rxf3+ 49. Kg2 Rg3+ 50. Kh2 Rg4 51. Rb4+ Kf3 52. Rxg4 Kxg4
53. h5 Kxh5 54. a5 1-0

[Event "Challenge"]
[Site "http://www.queenalice.com/game.php?id=1829243"]
[Date "2024.1.13"]
[Round "-"]
[White "jogo"]
[Black "MHRangel"]
[Result "0-1"]
[WhiteElo "1853"]
[BlackElo "1806"]

1. e4 c5 2. a3 Nc6 3. c3 d6 4. d4 e6 5. dxc5 d5 6. exd5 exd5 7. b4 Qe7+ 8. Qe2
Qxe2+ 9. Bxe2 g6 10. Bb2 Bg7 11. f4 Nge7 12. Nd2 d4 13. cxd4 O-O 14. Ngf3 Nd5
15. g3 Ne3 16. Nb3 Bg4 17. Kf2 Rfe8 18. h3 Bf5 19. Bc1 Nc2 20. Ra2 N2xd4 21.
Nfxd4 Nxd4 22. Nxd4 Bxd4+ 23. Kf1 Be4 24. Rh2 a6 25. Rd2 Bc3 26. Rd1 f5 27. Bd3
Bf3 28. Re1 Rxe1+ 0-1

[Event "Challenge"]
[Site "http://www.queenalice.com/game.php?id=1829244"]
[Date "2024.1.13"]
[Round "-"]
[White "MHRangel"]
[Black "jogo"]
[Result "0-1"]
[WhiteElo "1859"]
[BlackElo "1778"]

1. d4 Nf6 2. c4 g6 3. e3 Bg7 4. Nf3 O-O 5. Bd3 c6 6. O-O d5 7. Nbd2 Bg4 8. b4
Re8 9. h3 Bc8 10. Qa4 Nbd7 11. b5 Nb6 12. Qb3 dxc4 13. Bxc4 Nxc4 14. Nxc4 cxb5
15. Nce5 Qd5 16. Qxd5 Nxd5 17. Ba3 Bxe5 18. Nxe5 b4 19. Bb2 f6 20. e4 Nf4 21.
Nf3 Rd8 22. d5 Nd3 23. Bd4 b6 24. Rfd1 Nc5 25. Rab1 Nxe4 26. Rxb4 Bb7 27. Be3
Nc3 28. Rd2 Nxd5 29. Rbd4 e5 30. Re4 Nxe3 31. Rxd8+ Rxd8 32. Rxe3 Kf8 33. Ra3 a5
34. g4 e4 35. Ne1 Rd1 36. Re3 f5 37. gxf5 gxf5 38. Kh2 Rd2 39. Kg2 Rxa2 40. Kf1
Kf7 41. Rb3 Ba6+ 42. Kg2 b5 43. Kg3 Ke7 44. Ng2 Kd6 45. Kf4 Rxf2+ 46. Kg3 Rf3+
47. Rxf3 exf3 48. Kxf3 Bb7+ 49. Kf2 Bxg2 50. Kxg2 a4 51. Kf3 a3 0-1

[Event "Challenge"]
[Site "http://www.queenalice.com/game.php?id=1829338"]
[Date "2024.1.15"]
[Round "-"]
[White "jogo"]
[Black "MHRangel"]
[Result "1-0"]
[WhiteElo "1854"]
[BlackElo "1874"]

1. e4 c5 2. Nf3 Nc6 3. c3 g6 4. d4 Bg7 5. d5 Ne5 6. Nxe5 Bxe5 7. f4 Bc7 8. Be3
d6 9. Bb5+ Bd7 10. Bxd7+ Qxd7 11. c4 Nf6 12. Nc3 O-O-O 13. Qd2 Ng4 14. Bg1 e6
15. h3 Nf6 16. O-O-O exd5 17. cxd5 Ba5 18. Qd3 Bxc3 19. bxc3 Qa4 20. Re1 Qxa2
21. Qc2 Qc4 22. Kb2 Qb5+ 23. Qb3 Qd3 24. Qc2 Qb5+ 25. Qb3 Qa6 26. Ra1 Qe2+ 27.
Qc2 Qb5+ 28. Qb3 Qxb3+ 29. Kxb3 a6 30. Re1 Rde8 31. Bf2 Rxe4 32. Rxe4 Nxe4 33.
Be3 Ng3 34. Re1 Nf5 35. Bf2 b5 36. g4 Ng7 37. Re7 Rf8 38. Ra7 Kd8 39. Ra8+ Ke7
40. Bh4+ f6 41. Ra7+ Ke8 42. Rxg7 g5 43. fxg5 fxg5 44. Bxg5 a5 45. Re7+ Kd8 46.
Rxh7+ Ke8 47. Re7+ Kd8 48. Ra7+ Ke8 49. Rxa5 b4 50. Ra8+ Kf7 51. Rxf8+ Kxf8 52.
cxb4 cxb4 53. Kxb4 Kf7 54. Kb5 Ke8 55. Kc6 Kf7 56. Kxd6 Kg6 57. Bf4 Kf6 58. Kc6
Ke7 59. d6+ Kd8 60. Bg5+ Kc8 61. d7+ 1-0

[Event "Challenge"]
[Site "http://www.queenalice.com/game.php?id=1829339"]
[Date "2024.1.15"]
[Round "-"]
[White "MHRangel"]
[Black "jogo"]
[Result "1-0"]
[WhiteElo "1824"]
[BlackElo "1987"]

1. d4 Nf6 2. c4 g6 3. Nc3 d5 4. e3 Bg7 5. Nf3 O-O 6. Be2 Re8 7. O-O c6 8. Qb3
dxc4 9. Bxc4 Nd5 10. Nxd5 cxd5 11. Bxd5 e6 12. Bxb7 Bxb7 13. Qxb7 Nd7 14. b3 Nb6
15. Ba3 f5 16. Rac1 Qb8 17. Qc6 Qc8 18. Qxc8 Raxc8 19. Bd6 Rxc1 20. Rxc1 Rd8 21.
Bc5 Bf8 22. Bxb6 axb6 23. Rc6 Rd6 24. Rc8 Kg7 25. Ne5 Kf6 26. Rxf8+ Kg7 27. Rf7+
Kg8 28. Rb7 Kf8 29. Nd7+ Ke7 30. Nxb6+ Kf6 31. Nc4 Ra6 32. a3 h5 33. h4 g5 34.
hxg5+ Kxg5 35. a4 f4 36. Rb5+ Kg6 37. exf4 Ra7 38. Ne5+ Kh6 39. f3 Rc7 40. a5
Rc1+ 41. Kh2 Rd1 42. f5 Kg5 43. fxe6 Kf6 44. d5 Kxe5 45. e7 1-0

[Event "Challenge"]
[Site "http://www.queenalice.com/game.php?id=1831503"]
[Date "2024.2.14"]
[Round "-"]
[White "MHRangel"]
[Black "jogo"]
[Result "1-0"]
[WhiteElo "1859"]
[BlackElo "1855"]

1. d4 Nf6 2. c4 g6 3. Nc3 d5 4. e3 Bg7 5. g3 O-O 6. cxd5 Nxd5 7. Bg2 Nxc3 8.
bxc3 c5 9. Ne2 cxd4 10. Nxd4 e5 11. Ne2 Qxd1+ 12. Kxd1 Rd8+ 13. Ke1 Nc6 14. Rb1
Rb8 15. Bxc6 Be6 16. Rxb7 Rxb7 17. Bxb7 Bxa2 18. Ba3 Bb3 19. Nd4 exd4 20. cxd4
Rd7 21. Bc6 Rc7 22. Be4 f5 23. Bd3 Kf7 24. Ke2 Bc2 25. Kd2 Bxd3 26. Kxd3 Bf8 27.
Bxf8 Kxf8 28. Ra1 Ke7 29. h4 Rd7 30. f3 Rc7 31. e4 fxe4+ 32. fxe4 Kd7 33. g4 Rb7
34. e5 Rb3+ 35. Ke4 Rb7 36. Ra4 Rc7 37. h5 gxh5 38. gxh5 1-0

[Event "Challenge"]
[Site "http://www.queenalice.com/game.php?id=1831810"]
[Date "2024.2.18"]
[Round "-"]
[White "jogo"]
[Black "MHRangel"]
[Result "0-1"]
[WhiteElo "1805"]
[BlackElo "1869"]

1. e4 d6 2. d4 g6 3. Nc3 Bg7 4. f4 Nf6 5. Nf3 Bg4 6. Bd3 O-O 7. h3 Bd7 8. Be3
Nh5 9. g4 Nf6 10. e5 dxe5 11. dxe5 Ne8 12. f5 Nc6 13. fxg6 fxg6 14. Bc4+ e6 15.
O-O Nxe5 16. Nxe5 Bxe5 17. Rxf8+ Kxf8 18. Qf3+ Kg7 19. Rf1 Qe7 20. Ne4 Bc6 21.
Bxe6 Bxe4 22. Qf7+ Qxf7 23. Rxf7+ Kh8 24. Rf8+ Kg7 25. Rf7+ Kh8 26. Bh6 Ng7 27.
c3 Nxe6 28. Re7 Bd5 29. a3 Bd6 30. Rf7 Nc5 31. Rf1 Nd3 32. Rd1 Bc5+ 33. Kh2 Bd6+
34. Kg1 Bc5+ 35. Kh2 Bc4 36. b4 Bd6+ 37. Kg2 Re8 38. Rd2 Bd5+ 39. Kf1 Re1# 0-1

[Event "AUTO-ADV-4776"]
[Site "http://www.queenalice.com/game.php?id=1833985"]
[Date "2024.3.22"]
[Round "1"]
[White "SGF"]
[Black "MHRangel"]
[Result "0-1"]
[WhiteElo "1802"]
[BlackElo "1847"]

1. d4 Nf6 2. f3 d5 3. Bg5 g6 4. h4 Bg7 5. Nc3 O-O 6. e4 c6 7. a4 Nh5 8. g4 Ng3
9. Rh3 Nxf1 10. Kxf1 f6 11. Bf4 dxe4 12. Nxe4 f5 13. gxf5 Bxf5 14. Rh2 Bxe4 15.
fxe4 Rxf4+ 16. Nf3 Qxd4 17. Qxd4 Bxd4 18. Ke2 c5 19. Nxd4 Rxe4+ 20. Kd3 Rxd4+
21. Ke3 Nc6 22. h5 Rg4 23. hxg6 Rxg6 24. Rah1 Rg7 25. c3 Na5 26. Rh5 Nc4+ 27.
Kf4 Rf8+ 28. Ke4 Nxb2 29. a5 b6 30. axb6 axb6 31. Kd5 Na4 32. c4 Rf6 33. R5h4
Nc3+ 34. Ke5 Rg5# 0-1

[Event "AUTO-ADV-4776"]
[Site "http://www.queenalice.com/game.php?id=1833986"]
[Date "2024.3.22"]
[Round "1"]
[White "MHRangel"]
[Black "SGF"]
[Result "1-0"]
[WhiteElo "1861"]
[BlackElo "1780"]

1. d4 e6 2. c4 Qf6 3. Nf3 Bb4+ 4. Bd2 a5 5. c5 Ne7 6. Bxb4 axb4 7. g3 c6 8. Bg2
Nd5 9. O-O O-O 10. Ne5 h5 11. Nd2 b5 12. a3 bxa3 13. Rxa3 Rxa3 14. bxa3 Nc3 15.
Qe1 Nd5 16. Nb3 g5 17. Qa5 g4 18. f3 Ne3 19. Qc7 Na6 20. Qb6 Nxf1 21. Kxf1 gxf3
22. Bxf3 Kg7 23. Nd2 Rh8 24. Ne4 Qf5 25. Qa5 h4 26. Qe1 hxg3 27. Qxg3+ Kh6 28.
Nd6 b4 29. Nexf7+ Kh7 30. Nxf5 Rg8 31. Qh4+ Kg6 32. Ne7+ Kxf7 33. Nxg8 Kxg8 34.
Qd8+ Kf7 35. Qxc8 b3 36. Qxa6 b2 37. Be4 d5 38. Bb1 Kf6 39. Qxc6 Ke7 40. h4 Kf6
41. h5 Kg5 42. Qxe6 Kxh5 43. c6 Kh4 44. c7 Kg3 45. c8=R Kf4 46. Rf8+ Kg5 47.
Qxd5+ Kg4 48. Qg2+ Kh4 49. Rh8# 1-0

[Event "AUTO-ADV-4776"]
[Site "http://www.queenalice.com/game.php?id=1834003"]
[Date "2024.3.22"]
[Round "1"]
[White "MHRangel"]
[Black "NickThorp"]
[Result "1-0"]
[WhiteElo "1854"]
[BlackElo "1474"]

1. d4 d5 2. c4 dxc4 3. e3 Nf6 4. Bxc4 e6 5. Nf3 Bb4+ 6. Bd2 Bxd2+ 7. Nbxd2 O-O
8. O-O Nc6 9. a3 a6 10. b4 b5 11. Bb3 Qd6 12. e4 Nxd4 13. e5 Nxf3+ 14. Qxf3 Qxe5
15. Qxa8 Qe2 16. Nf3 Ng4 17. a4 bxa4 18. Bxa4 h6 19. Qc6 Ne5 20. Nxe5 Qxe5 21.
Rfe1 Qd6 22. Qc5 Qf4 23. b5 axb5 24. Bxb5 Qd6 25. Rac1 Qxc5 26. Rxc5 Rd8 27.
Rxc7 Kh7 28. Rxf7 Rd5 29. Bc4 Rc5 30. Bd3+ Kg8 31. Re7 Rc3 32. Bg6 Kf8 33. Re8#
1-0

[Event "AUTO-ADV-4776"]
[Site "http://www.queenalice.com/game.php?id=1834004"]
[Date "2024.3.22"]
[Round "1"]
[White "NickThorp"]
[Black "MHRangel"]
[Result "0-1"]
[WhiteElo "1507"]
[BlackElo "1882"]

1. e4 c5 2. Nf3 Nc6 3. Bb5 a6 4. Bxc6 dxc6 5. d3 g6 6. Nc3 Bg4 7. h3 Bxf3 8.
Qxf3 e5 9. O-O Bg7 10. Be3 b6 11. a3 Nf6 12. Bg5 O-O 13. Ne2 b5 14. b4 cxb4 15.
axb4 h6 16. Bxf6 Bxf6 17. Ng3 Qd4 18. Ra2 Be7 19. Ne2 Qxb4 20. Rfa1 a5 21. c3
Qb3 22. Ra3 Bxa3 23. Qf6 Bb2 24. Rb1 Qc2 25. Re1 Qxd3 26. Qxe5 Qd2 27. Kf1 b4
28. f3 bxc3 29. Nxc3 Bxc3 30. Re2 Qd1+ 31. Kf2 Qd4+ 32. Qxd4 Bxd4+ 33. Kf1 c5
34. Rc2 a4 35. Ra2 a3 36. Ke2 f5 37. Kd3 fxe4+ 38. fxe4 Rf2 39. Rxf2 Bxf2 40.
Kc3 a2 0-1

[Event "AUTO-ADV-4776"]
[Site "http://www.queenalice.com/game.php?id=1834006"]
[Date "2024.3.22"]
[Round "1"]
[White "maurice916"]
[Black "MHRangel"]
[Result "1-0"]
[WhiteElo "1878"]
[BlackElo "1875"]

1. Nf3 d6 2. b3 Nf6 3. Bb2 g6 4. e3 Bg7 5. c4 O-O 6. d4 e6 7. Be2 Na6 8. O-O Ne4
9. Nbd2 Nxd2 10. Qxd2 c5 11. Rad1 d5 12. cxd5 exd5 13. Bxa6 bxa6 14. dxc5 Bxb2
15. Qxb2 Be6 16. b4 Qc7 17. h4 Qc6 18. Ne5 Qc7 19. f4 f6 20. Nf3 Rab8 21. a3 a5
22. g3 Bh3 23. Rf2 g5 24. hxg5 fxg5 25. Nxg5 Qd7 26. Nxh3 Qxh3 27. Rg2 Qf5 28.
g4 Qe4 29. Qd2 Rfd8 30. g5 axb4 31. axb4 Qxb4 32. Qxb4 Rxb4 33. Rc2 d4 34. c6 d3
35. c7 Re8 36. Rxd3 Rb1+ 37. Kf2 Rb7 38. Rd8 Rxc7 39. Rxe8+ Kf7 40. Rxc7+ Kxe8
41. Rxa7 Kf8 42. Rxh7 Kg8 43. g6 1-0